Most expensive football (soccer) defenders - Statistics

General Stats
  • This quiz has been taken 104 times
  • The average score is 10 of 31
Answer Stats
Fee (€) Moving to Name % Correct
42 Paris SG Thiago Silva
83%
49,5 Paris SG David Luiz
75%
25 Chelsea David Luiz
75%
55,6 Manchester City John Stones
70%
46 Manchester United Rio Ferdinand
65%
26 Leeds United Rio Ferdinand
65%
27 Real Madrid Sergio Ramos
58%
35 Bayern Munich Mats Hummels
48%
35,5 FC Barcelona Dani Alves
44%
44,6 Manchester City Nicolás Otamendi
44%
38 Manchester United Eric Bailly
40%
30,5 Manchester City Eliaquim Mangala
33%
30 Real Madrid Pepe
33%
37,5 Manchester United Luke Shaw
32%
31,4 Paris SG Marquinhos
32%
30,5 AC Milan Alessandro Nesta
25%
31,5 Real Madrid Danilo
20%
28 Bayern Munich Medhi Benatia
19%
25,3 Liverpool Dejan Lovren
17%
40 Bayern Munich Javi Martinez
15%
25 FC Barcelona Samuel Umtiti
15%
25,75 Lazio Jaap Stam
13%
30 Chelsea Ricardo Carvalho
13%
26 Juventus Alex Sandro
12%
30 Real Madrid Fabio Coentrão
10%
41,5 Juventus Lilian Thuram
10%
25 Atlético Madrid Stefan Savic
6%
25 AC Milan Alessio Romagnoli
5%
25 Paris SG Layvin Kurzawa
4%
27,5 Manchester City Joleon Lescott
2%
25 FC Barcelona Dmytro Chyrgynskiy
0%
No matching quizzes found
Score Distribution
Percent of People with Each Score
Percentile by Number Answered
Your Score History
You have not taken this quiz